Culture and working life : (Record no. 124445)
[ view plain ]
| 000 -LEADER | |
|---|---|
| fixed length control field | 01290cam a2200397 a 4500 |
| 001 - CONTROL NUMBER | |
| control field | 157121 |
| 003 - CONTROL NUMBER IDENTIFIER | |
| control field | ARRUPE |
| 005 - DATE AND TIME OF LATEST TRANSACTION | |
| control field | 20160322123626.0 |
| 008 - FIXED-LENGTH DATA ELEMENTS--GENERAL INFORMATION | |
| fixed length control field | 830428s1980 fr a b 000 0 eng |
| 010 ## - LIBRARY OF CONGRESS CONTROL NUMBER | |
| LC control number | 81190256 |
| 015 ## - NATIONAL BIBLIOGRAPHY NUMBER | |
| National bibliography number | F*** |
| 020 ## - INTERNATIONAL STANDARD BOOK NUMBER | |
| International Standard Book Number | 9138052008 |
| 035 ## - SYSTEM CONTROL NUMBER | |
| System control number | (OCoLC)8132044 |
| 035 ## - SYSTEM CONTROL NUMBER | |
| System control number | (OCoLC)ocm08132044 |
| 035 ## - SYSTEM CONTROL NUMBER | |
| System control number | (CStRLIN)NYCG83-B31958 |
| 035 ## - SYSTEM CONTROL NUMBER | |
| System control number | (NNC)157121 |
| 040 ## - CATALOGING SOURCE | |
| Modifying agency | NNC |
| Transcribing agency | Arrupe |
| 041 1# - LANGUAGE CODE | |
| Language code of text/sound track or separate title | eng |
| Language code of original and/or intermediate translations of text | swe |
| 043 ## - GEOGRAPHIC AREA CODE | |
| Geographic area code | e------ |
| 050 0# - LIBRARY OF CONGRESS CALL NUMBER | |
| Classification number | NX180.T7 |
| Item number | K8413 |
| 082 0# - DEWEY DECIMAL CLASSIFICATION NUMBER | |
| Classification number | 700/.1/03 |
| Edition number | 19 |
| 090 ## - LOCALLY ASSIGNED LC-TYPE CALL NUMBER (OCLC); LOCAL CALL NUMBER (OCLC) | |
| Classification number (OCLC) (R) ; Classification number, CALL (RLIN) (NR) | NX180.T7 |
| Local cutter number (OCLC) ; Book number/undivided call number, CALL (RLIN) | K8413 |
| 300 ## - PHYSICAL DESCRIPTION | |
| Other physical details | ill. ; |
| Dimensions | 25 cm. |
| 130 0# - MAIN ENTRY--UNIFORM TITLE | |
| Uniform title | Kultur och arbetsliv. |
| Language of a work | English. |
| 9 (RLIN) | 23228 |
| 245 10 - TITLE STATEMENT | |
| Title | Culture and working life : |
| Remainder of title | experiences from six European countries : final report from the joint study on culture and working life, conducted within the framework of Unesco collaboration. |
| 260 ## - PUBLICATION, DISTRIBUTION, ETC. (IMPRINT) | |
| Place of publication, distribution, etc | Paris : |
| Name of publisher, distributor, etc | Unesco, |
| Date of publication, distribution, etc | 1980. |
| 300 ## - PHYSICAL DESCRIPTION | |
| Extent | 208 p. : |
| 500 ## - GENERAL NOTE | |
| General note | Translation of: Kultur och arbetsliv. |
| 504 ## - BIBLIOGRAPHY, ETC. NOTE | |
| Bibliography, etc | Bibliography: p. 205-207. |
| 650 #0 - SUBJECT ADDED ENTRY--TOPICAL TERM | |
| Topical term or geographic name as entry element | Labor unions and the arts |
| Geographic subdivision | Europe. |
| 9 (RLIN) | 23229 |
| 650 #0 - SUBJECT ADDED ENTRY--TOPICAL TERM | |
| Topical term or geographic name as entry element | Working class |
| General subdivision | Education |
| Geographic subdivision | Europe. |
| 9 (RLIN) | 23230 |
| 650 #0 - SUBJECT ADDED ENTRY--TOPICAL TERM | |
| Topical term or geographic name as entry element | Popular culture |
| Geographic subdivision | Europe. |
| 9 (RLIN) | 23231 |
| 650 #0 - SUBJECT ADDED ENTRY--TOPICAL TERM | |
| Topical term or geographic name as entry element | Work environment |
| Geographic subdivision | Europe. |
| 9 (RLIN) | 23232 |
| 710 2# - ADDED ENTRY--CORPORATE NAME | |
| Corporate name or jurisdiction name as entry element | Unesco. |
| 9 (RLIN) | 23233 |
| 942 ## - ADDED ENTRY ELEMENTS (KOHA) | |
| Source of classification or shelving scheme | Library of Congress Classification |
| Koha item type | Monograph ( Printed materials) |
| Withdrawn status | Lost status | Source of classification or shelving scheme | Damaged status | Not for loan | Collection code | Home library | Current library | Shelving location | Date acquired | Total Checkouts | Full call number | Barcode | Date last seen | Price effective from | Koha item type |
|---|---|---|---|---|---|---|---|---|---|---|---|---|---|---|---|
| Library of Congress Classification | Main Collection | ARRUPE LIBRARY | ARRUPE LIBRARY | Main Collection | 22/03/2016 | NX180.T7 K8413 | 46500007095 | 04/07/2018 | 22/03/2016 | Monograph ( Printed materials) |